Management hodnotového toku

Proces integrácie v rôznych oblastiach ľudského života sa zákonite nevyhýba ani oblasti priemyselného a procesného inžinierstva. Jednou z foriem tejto integrácie je tzv. manažment hodnotového toku (value stream management). Pojem a zameranie manažmentu hodnotového toku. Jeho integračný význam. Ciel...

Description complète

Enregistré dans:
Détails bibliographiques
Auteur principal: Mašín, Ivan
Format: Chapitre de livre
Langue:tchèque
Sujets:
Tags: Ajouter un tag
Pas de tags, Soyez le premier à ajouter un tag!

MARC

LEADER 00000naa$a2200000$$$4500
001 0005066
005 20231106121523.4
041 0 |a cze 
044 |a CZ 
245 1 0 |a Management hodnotového toku  |c aut. Ivan Mašín 
520 |a Proces integrácie v rôznych oblastiach ľudského života sa zákonite nevyhýba ani oblasti priemyselného a procesného inžinierstva. Jednou z foriem tejto integrácie je tzv. manažment hodnotového toku (value stream management). Pojem a zameranie manažmentu hodnotového toku. Jeho integračný význam. Ciele a princípy. Prepojenie názorov manažérov a pracovných tímov pomocou manažmentu hodnotového toku. Príklad na manažment hodnotového toku. 
610 2 0 |a manažment hodnotový 
610 2 0 |a tok informácií 
610 2 0 |a zákazníci 
610 2 0 |a inovácia 
610 2 0 |a výroba štíhla 
610 2 0 |a integrácia 
100 1 |a Mašín, Ivan